| 000 | 00462ntaaa2200181 4500 | ||
|---|---|---|---|
| 003 | 01 | ||
| 005 | 20251027201952.0 | ||
| 008 | 0714s1973 ag 01 | ||
| 040 |
_aAR-BaBN _bspa _cAR-BaBN _eaacr _dRIC |
||
| 082 | _a254.0000 L46 | ||
| 100 |
_aLeach, William _918250 |
||
| 245 | _aToward a more efficient church | ||
| 250 |
_a1 ed. : _bF. H. Revell, _cc/948 |
||
| 300 | _a123 p. | ||
| 650 | _aIglesia | ||
| 650 |
_aAdministración EclesiÔstica _91364 |
||
| 942 | _cBK | ||
| 999 |
_c14442 _d14442 |
||